00557cam a22002052 4500001001100000005001700011008004100028020001700069020002000086040001500106050002300121245006700144250001200211260003300223300001600256650003800272700003500310852000300345852000300348000000580220151217145826.0070717s xx 000 0 eng d a9812530444 : a0471199575 (hb) aKABUcKABU 0aQD151.2b.A38 199910aAdvanced inorganic chemistry /cF. Albert Cotton ... [et al.]. a6th ed. aNew York :bJ. Wiley,c1999. axv, 1355 p. 0aChemistry, Inorganic.@00001541481 aCotton, F. Albert.@00001570261 1